Kazimiero Leono Sapiegos archyvo inventorinė knyga (1647/1648 m.)
| Titel: | Kazimiero Leono Sapiegos archyvo inventorinė knyga (1647/1648 m.) = Księga inwentarzowa archiwum Kazimierza Leona Sapiehy (1647/1648 r.) / parengė Darius Antanavičius ... |
|---|---|
| Beteiligt: | |
| Veröffentlicht: | Vilnius : Lietuvos Istorijos Instituto Leidykla, 2014 |
| Umfang: | LX, 346 Seiten : Illustrationen |
| Format: | Buch |
| Sprache: | Litauisch; Polnisch |
| RVK-Notation: | |
| ISBN: | 9789955847748 |
| Hinweise zum Inhalt: |
Inhaltsverzeichnis
|
alg: 34124425 001A $00026:18-06-14 001B $01999:10-05-25 $t18:04:40.000 001D $03004:24-05-16 001U $0utf8 001X $00 002@ $0Aau 002C $aText $btxt $2rdacontent 002D $aohne Hilfsmittel zu benutzen $bn $2rdamedia 002E $aBand $bnc $2rdacarrier 003@ $0341244252 004A $A978-9955-847-74-8 007A $0341244252 $aHEB 007G $0DE013B575C55177CB5CC9C1257D0100310612 009P $qapplication/pdf $A2 $3Inhaltsverzeichnis $uhttp://scans.hebis.de/HEBCGI/show.pl?34124425_toc.pdf $mV:DE-603;B:DE-26 010@ $alit $apol 011@ $a2014 013D $RVerzeichnis $RKatalog $RInventur $#Inventories $#Inventaires $#Repertorium Inventar $#Bestandsverzeichnis Formschlagwort $#Findbuch Inventar $74027540-1 $8Inventar [Ts1] $9085070408 021A $aKazimiero Leono Sapiegos archyvo inventorinė knyga (1647/1648 m.) $fKsięga inwentarzowa archiwum Kazimierza Leona Sapiehy (1647/1648 r.) $hparengė Darius Antanavičius ... 027A $aKsięga inwentarzowa archiwum Kazimierza Leona Sapiehy (1647/1648 r.) 028C $BHerausgeber $#Argiletanus, Darius $4edt $7131895214 $8Antanavičius, Darius$Z1969- [Tp3] $9179793012 033A $pVilnius $nLietuvos Istorijos Instituto Leidykla 034D $aLX, 346 Seiten 034M $aIllustrationen 044K $#Sapiehowie $#Sapiegos $#Sapiehas $7119541270 $8$PSapieha$lFamilie$Zab 16. Jh. [Tp1] $9087880865 044K $RArchivalien $RArchivierung $#Archival resources $#Fonds d'archives $#Recursos archivísticos $#Archiv Bestand $#Archivgut Archivbestand $#Archivbestände $74142970-9 $8Archivbestand [Ts1] $9085559237 045F $a020.94793 $eDDC23BSB 045F/01 $a020 045F/03 $g4793 045G $a901.094793 $eDDC23BSB 045G/01 $a901 045G/03 $g4793 045H $a900.9479309023 $eDDC23BSB 045H/01 $a900 045H/03 $f09023 045H/03 $f09024 045H/03 $f0903 045H/03 $g4793 045Z $8NN 1237 [Tkv] $9410894869 046L $aEinführung in litauischer Sprache. - Hauptteil in polnischer Sprache. - Zusammenfassung in englischer Sprache lok: 34124425 24 101B $031-05-16 $t13:28:41.000 101C $024-05-16 101U $0utf8 145Z/01 $a45 4 C 145Z/02 $a45 5 A 145Z/03 $a45 7 D 145Z/04 $a45 7 E 145Z/05 $a45 4 B exp: 34124425 24 1 #EPN 201B/01 $024-05-16 $t10:30:49.000 201C/01 $017-03-16 201U/01 $0utf8 203@/01 $077006390X 208@/01 $a24-05-16 $bz 209A/01 $a16.03384 $du $f050 $h16 03384 $x00 209C/01 $a16.03384 K $h16 03384 K 209G/01 $a73714680 $x00 220C/01 $acer 244Z/01 $#Sapieha, Kazimierz $#Sapiega, Kazimieras $#Kazimieras Sapiega $#Sapieha, Kazimierz Jan $#Sapieha, Casimirus Ioannes $#Sapieha, Casimirvs Ioannes $#Сапега, Казимир Ян $7123178479 $8--Tp1--Sapieha, Casimir Johann$Z1637-1720 $x01 $9154161721 247C/01 $8358050-7Marburg, Bibliothek des Herder-Instituts Marburg $9102600961 lok: 34124425 78 exp: 34124425 78 1 #EPN 201B/01 $018-05-21 $t15:37:41.000 201C/01 $018-05-21 201U/01 $0utf8 203@/01 $01153833891 208@/01 $a18-05-21 $be 209A/01 $a/ $f000 $x00 209A/01 $ab*p $x01 220C/01 $apgar 244Z/01 $#Generalgouvernement Polen $#Polska $#Rzeczpospolita Polska $#Polska Rzeczpospolita Ludowa $#Poland $#Pologne $#République Polonaise $#Generalne Gubernatorstwo w Polsce $#Polish People's Republic $#Polska Rzeczpospolita Polen $#PRL $#RP $#Polen Generalgouvernement $#Polska Generalgouvernement $#Besetzte Polnische Gebiete $#Besetztes Gebiet in Polen $#Okupowane Polskie Obszary $#Obszary Okupowane w Polsce $#Volksrepublik Polen $#Polska Rosyjska $#Republic Polen $#Respublika Pol'ša $#Pol'skaja Narodnaja Respublika $#République de Pologne $#Polen Links der Weichsel $#Polska po Lewej Stronie Wisły $#Lenkija $#Polija $#Gubernija Carstva Pol'skago $#Republik Polen $74046496-9 $8--Tg1--Polen $x01 $9085129801 244Z/01 $#Litauen $#Litauen $#Litauen $#Lithuania $#Lietuvos Respublika $#République Lithuanienne $#Lithuanie $#Litva 1918 - 1940, 1991, 9 - $#Litovskaja Respublika $#Lithuania 1918 - 1940, 1991, 9 - $#Republik Litauen $#Republic of Lithuania $#Lithuanian Republic $#Litauische Republik $#Lietuva $#Litwa $74074266-0 $8--Tg1--Litauen $x02 $9085209074 247C/01 $82080>Marburg/Lahn, Herder-Institut, Forschungsbibliothek, Bibliographieportal $9336309341 lok: 34124425 204 exp: 34124425 204 1 #EPN 201B/01 $026-06-14 $t13:36:45.000 201C/01 $018-06-14 201U/01 $0utf8 203@/01 $0733130631 208@/01 $a18-06-14 $bzUB 209A/01 $a000 NN 1237 A627 $du $f000 $x00 209G/01 $a61701664 $x00 245S/01 $a10200 $x01 247C/01 $8631000-x <26>Gießen, Universität Gießen, Universitätsbibliothek Gießen $9102596697
| LEADER | 00000cam a2200000 c 4500 | ||
|---|---|---|---|
| 001 | 341244252 | ||
| 003 | DE-603 | ||
| 005 | 20250510180440.0 | ||
| 007 | tu | ||
| 008 | 140618s2014 xx |||| | u00||u|lit c | ||
| 020 | |a 9789955847748 | ||
| 035 | |a (DE-599)HEB341244252 | ||
| 040 | |a DE-603 |b ger |c DE-603 |d DE-603 | ||
| 041 | |a lit |a pol | ||
| 082 | 0 | 4 | |8 1\u |a 020.94793 |q DE-101 |2 23/BSB |
| 083 | 0 | |8 2\u |a 901.094793 |q DE-101 |2 23/BSB | |
| 083 | 0 | |8 3\u |a 900.9479309023 |q DE-101 |2 23/BSB | |
| 084 | |a NN 1237 |0 (DE-625)126517: |0 (DE-603)410894869 |2 rvk | ||
| 085 | |8 1\u |b 020 | ||
| 085 | |8 1\u |z 2 |s 4793 | ||
| 085 | |8 2\u |b 901 | ||
| 085 | |8 2\u |z 2 |s 4793 | ||
| 085 | |8 3\u |b 900 | ||
| 085 | |8 3\u |z 1 |s 09023 | ||
| 085 | |8 3\u |z 1 |s 09024 | ||
| 085 | |8 3\u |z 1 |s 0903 | ||
| 085 | |8 3\u |z 2 |s 4793 | ||
| 245 | 0 | 0 | |a Kazimiero Leono Sapiegos archyvo inventorinė knyga (1647/1648 m.) |b = Księga inwentarzowa archiwum Kazimierza Leona Sapiehy (1647/1648 r.) |c parengė Darius Antanavičius ... |
| 246 | 1 | 3 | |a Księga inwentarzowa archiwum Kazimierza Leona Sapiehy (1647/1648 r.) |
| 264 | 1 | |a Vilnius |b Lietuvos Istorijos Instituto Leidykla |c 2014 | |
| 300 | |a LX, 346 Seiten |b Illustrationen | ||
| 336 | |a Text |b txt |2 rdacontent | ||
| 337 | |a ohne Hilfsmittel zu benutzen |b n |2 rdamedia | ||
| 338 | |a Band |b nc |2 rdacarrier | ||
| 546 | |a Einführung in litauischer Sprache. - Hauptteil in polnischer Sprache. - Zusammenfassung in englischer Sprache | ||
| 600 | 3 | 7 | |a Sapieha |c Familie |d ab 16. Jh. |0 (DE-588)119541270 |0 (DE-603)087880865 |2 gnd |
| 650 | 7 | |a Archivbestand |0 (DE-588)4142970-9 |0 (DE-603)085559237 |2 gnd | |
| 655 | 7 | |a Inventar |2 gnd-content |0 (DE-588)4027540-1 |0 (DE-603)085070408 | |
| 700 | 1 | |a Antanavičius, Darius |d 1969- |e Herausgeber |4 edt |0 (DE-603)179793012 |0 (DE-588)131895214 |2 gnd | |
| 856 | 4 | 2 | |m V:DE-603;B:DE-26 |q application/pdf |u http://scans.hebis.de/HEBCGI/show.pl?34124425_toc.pdf |3 Inhaltsverzeichnis |
| 924 | 0 | |9 Mb 50 |a (DE-603)77006390X |b DE-Mb50 |c HES |d c |g 16.03384 | |
| 924 | 0 | |9 2080 |a (DE-603)1153833891 |b DE-2080 |c HES |d d |g / | |
| 924 | 0 | |9 26 |a (DE-603)733130631 |b DE-26 |c HES |d c |g 000 NN 1237 A627 | |


